Comercio exterior

Na minha lista:
Detalhes bibliográficos
Formato: Periódico
Idioma:espanhol
Publicado em: Mexico Banco Nacional de Comercio Exterior 2000
Assuntos:
Tags: Adicionar Tag
Sem tags, seja o primeiro a adicionar uma tag!

MARC

LEADER 00000nas2a2200000 4500
001 s124618
005 20221221065756.8
022 |a 0185-0601 
041 0 |a spa 
044 |a MX 
245 1 0 |a Comercio exterior 
264 1 |a Mexico  |b Banco Nacional de Comercio Exterior  |c 2000 
300 |a 2 zv.  |e 1 špec. číslo 
500 |a chýba č. 7 
773 0 |w eu_un_cat*s120108 
610 2 0 |a politika obchodná 
610 2 0 |a obchod zahraničný